00788cam a22002297a 4500003000500000005001700005008004100022010001000063011001000073035001000083040000900093100002600102245010300128260004100231300002200272502007700294530003600371650003800407650003500445650001500480856006300495CHAP20220329142829.0040602s2003 mx a r 00010 spa d a88403 a89375 a99926 cCHAP00aEstrada Ponce, Edith.10aEfecto de la temperatura del agua en postcosecha de tulipan (Tulipa sp.)c/por Edith Estrada Ponce aChapingo, Méx. :bEl autor,c2003. a61 h. ;bgráfs. aTesis (Ing. Agr. Esp. en Fitotecnia) -- UACH. Departamento de Fitotecnia aTambién disponible en línea14aFloresxTecnología postcosecha.14aTemperaturaxEfecto en flores.14aTulipanes. 3Finding aiduhttp://10.13.5.2/tesis/99926.pdfzTeclea aqui